书目信息 |
| 题名: |
燃料电池电动汽车
|
|
| 作者: | 陈全世 , 仇斌 , 谢起成 编著 | |
| 分册: | ||
| 出版信息: | 北京 清华大学出版社 2005 |
|
| 页数: | 203页 | |
| 开本: | 25cm | |
| 丛书名: | ||
| 单 册: | ||
| 中图分类: | U469.72 | |
| 科图分类: | ||
| 主题词: | 燃料电池--电传动汽车 | |
| 电子资源: | ||
| ISBN: | 7-302-10643-6 | |
| 000 | 01027nam0 2200289 45 | |
| 001 | 012003965274 | |
| 005 | 20080303094131.57 | |
| 009 | 012003965274 | |
| 010 | @a7-302-10643-6@dCNY39.00 | |
| 035 | @a(110120)012005028617 | |
| 100 | @a20050708d2005 em y0chiy0110 ea | |
| 101 | 0 | @achi |
| 102 | @aCN@b110000 | |
| 105 | @aa z 000yy | |
| 106 | @ar | |
| 200 | 1 | @a燃料电池电动汽车@Aran liao dian chi dian dong qi che@f陈全世,仇斌,谢起成编著 |
| 210 | @a北京@c清华大学出版社@d2005 | |
| 215 | @a203页@c图表@d25cm | |
| 300 | @a上海汽车工业教育基金会资助 | |
| 330 | @a本书讲述了燃料电池电动汽车的关键技术,包括燃料电池的特点,燃料电池电动汽车的总体结构及关键部件的性能,燃料电池电动汽车系统仿真计算、试验方法,以及燃料电池汽车的“燃料”—氢—的制取、储存、运输和氢安全等内容。 | |
| 606 | 0 | @a燃料电池@x电传动汽车 |
| 690 | @aU469.72@v4 | |
| 701 | 0 | @a陈全世@Achen quan shi@4编著 |
| 701 | 0 | @a仇斌@Aqiu bin@4编著 |
| 701 | 0 | @a谢起成@Axie qi cheng@4编著 |
| 801 | 0 | @aCN@b110120@c20080303 |
| 905 | @dU469.72@e190@f4 | |
| 燃料电池电动汽车/陈全世,仇斌,谢起成编著.-北京:清华大学出版社,2005 |
| 203页:图表;25cm |
| 上海汽车工业教育基金会资助 |
| ISBN 7-302-10643-6:CNY39.00 |
| 本书讲述了燃料电池电动汽车的关键技术,包括燃料电池的特点,燃料电池电动汽车的总体结构及关键部件的性能,燃料电池电动汽车系统仿真计算、试验方法,以及燃料电池汽车的“燃料”—氢—的制取、储存、运输和氢安全等内容。 |
| ● |
| 相关链接 |
|
|
|
|
正题名:燃料电池电动汽车
索取号:U469.72/190
 
预约/预借
| 序号 | 登录号 | 条形码 | 馆藏地/架位号 | 状态 | 备注 |
| 1 | 0793396 | 207933968 | 第二样本阅览室/ [索取号:U469.72/190] | 在馆 | |
| 2 | 0793397 | 207933977 | 第三借阅区/ [索取号:U469.72/190] | 在馆 | |
| 3 | 0793398 | 207933986 | 第三借阅区/ [索取号:U469.72/190] | 在馆 | |
| 4 | 0793399 | 207933995 | 第三借阅区/ [索取号:U469.72/190] | 在馆 |